ARRUPE JESUIT UNIVERSITY

CORONAVIRUS -STOP THE SPREAD - CLEAN,DISINFECT,COVER

The aesthetic dimension : (Record no. 126040)

MARC details
000 -LEADER
fixed length control field 00952cam a2200289 i 4500
001 - CONTROL NUMBER
control field 2233154
003 - CONTROL NUMBER IDENTIFIER
control field ARRUPE
005 - DATE AND TIME OF LATEST TRANSACTION
control field 20170207154248.0
008 - FIXED-LENGTH DATA ELEMENTS--GENERAL INFORMATION
fixed length control field 770729s1978 mau b 001 0 eng
010 ## - LIBRARY OF CONGRESS CONTROL NUMBER
LC control number 76009001
020 ## - INTERNATIONAL STANDARD BOOK NUMBER
International Standard Book Number 0807015180
040 ## - CATALOGING SOURCE
Original cataloging agency DLC
Transcribing agency DLC
Modifying agency DLC
041 1# - LANGUAGE CODE
Language code of text/sound track or separate title eng
Language code of original and/or intermediate translations of text ger
050 00 - LIBRARY OF CONGRESS CALL NUMBER
Classification number B3305.M74
Item number M3513 1978
082 00 - DEWEY DECIMAL CLASSIFICATION NUMBER
Classification number 335.4/11
300 ## - PHYSICAL DESCRIPTION
Dimensions 21 cm.
100 1# - MAIN ENTRY--PERSONAL NAME
Personal name Marcuse, Herbert,
Dates associated with a name 1898-1979.
9 (RLIN) 28572
240 10 - UNIFORM TITLE
Uniform title <a href="Permanenz der Kunst.">Permanenz der Kunst.</a>
Language of a work English
245 14 - TITLE STATEMENT
Title The aesthetic dimension :
Remainder of title toward a critique of Marxist aesthetics /
Statement of responsibility, etc Herbert Marcuse.
260 ## - PUBLICATION, DISTRIBUTION, ETC. (IMPRINT)
Place of publication, distribution, etc Boston :
Name of publisher, distributor, etc Beacon Press,
Date of publication, distribution, etc c1978.
300 ## - PHYSICAL DESCRIPTION
Extent xiii, 88 p. ;
500 ## - GENERAL NOTE
General note Revised translation of Die Permanenz der Kunst.
500 ## - GENERAL NOTE
General note Includes index.
504 ## - BIBLIOGRAPHY, ETC. NOTE
Bibliography, etc Bibliography: p. 81-82.
600 10 - SUBJECT ADDED ENTRY--PERSONAL NAME
Personal name Marx, Karl,
Dates associated with a name 1818-1883
General subdivision Aesthetics.
-- Addresses, essays, lectures
9 (RLIN) 28573
906 ## - LOCAL DATA ELEMENT F, LDF (RLIN)
a 7
b cbc
c orignew
d 1
e ocip
f 19
g y-gencatlg
942 ## - ADDED ENTRY ELEMENTS (KOHA)
Source of classification or shelving scheme Library of Congress Classification
Koha item type Monograph ( Printed materials)
Holdings
Withdrawn status Lost status Source of classification or shelving scheme Damaged status Not for loan Collection code Home library Current library Shelving location Date acquired Total Checkouts Full call number Barcode Date last seen Price effective from Koha item type
    Library of Congress Classification     Main Collection ARRUPE LIBRARY ARRUPE LIBRARY Main Collection 07/02/2017   B3305.M74 M3513 1978 46500023970 07/02/2017 07/02/2017 Monograph ( Printed materials)

 

Arrupe Library. PO Box MP320 Mt Pleasant, Harare, Zimbabwe
263 242 745411|librarian@aju.ac.zw